[Event "1st Longtou Cup Belt and Road"]
[Site "Qinhuangdao"]
[Date "2018.05.27"]
[Round "2"]
[White "Gordievsky, Dmitry"]
[Black "Wang, Yu A"]
[Result "1-0"]
[WhiteElo "2653"]
[BlackElo "2340"]
[Annotator "TA"]
[PlyCount "143"]
[EventDate "2018.??.??"]
[EventCountry "CHN"]
[SourceTitle "playchess.com"]
[Source "ChessBase"]
[SourceQuality "1"]

{[%evp 9,143,0,17,6,25,25,33,7,24,12,0,11,36,39,46,0,0,-14,-7,0,-13,-25,0,0,7,0,16,0,16,15,20,19,22,16,39,29,29,29,30,32,46,24,42,39,45,39,89,85,102,65,74,72,153,109,109,109,109,109,109,109,109,109,109,109,109,130,129,109,109,109,109,109,109,109,109,109,109,109,109,109,109,109,109,0,109,109,109,109,109,109,109,109,124,43,207,206,201,195,195,185,280,229,215,179,200,179,222,202,166,137,103,0,0,-39,-44,-43,28,15,14,0,0,0,0,0,6,2,2,2,127,89,1252,1155,29991,29992,29992,29993]} 1. d4 d5 2. Bf4 Nf6 3. e3 e6 4. Nd2 c5 5. c3 Qb6 {LiveBook: 3 Games} (5... Bd6 6. Bb5+ Nc6 7. Bg3 Bxg3 8. hxg3 Qd6 9. g4 e5 10. dxe5 Qxe5 11. Ngf3 Qe7 12. g5 Ne4 13. Bxc6+ bxc6 {0-1 (31) Naiditsch,A (2705)-Inarkiev,E (2689) Riadh 2017}) 6. Rb1 {D00: 1 d4 d5: Unusual lines} cxd4 7. exd4 Bd6 8. Bg3 {White is slightly better.} Bd7 $146 ({Predecessor:} 8... O-O 9. Bd3 Nbd7 10. Ngf3 Re8 11. Ne5 Nf8 12. O-O N6d7 13. Qh5 Nxe5 14. dxe5 {1-0 (35) Mujacic,H (1884)-Raondi,Y (1565) Prague 2016}) 9. Bd3 Bxg3 10. hxg3 Bb5 11. Bc2 Qa6 12. Ngf3 Nbd7 13. a4 Bd3 14. Bxd3 Qxd3 15. Qe2 Qxe2+ (15... Qc2 {feels hotter.} 16. Qb5 O-O 17. O-O Rab8 18. Rbc1 Qf5) 16. Kxe2 Ke7 17. a5 Rhc8 18. Ra1 h6 19. Ne1 Ne8 20. Nd3 Nd6 21. g4 Nc4 22. f3 (22. Nb3 {keeps more tension.} Nb8 23. Nbc5 Nd6 24. Ra2 Nc6 25. Rha1) 22... Nxd2 23. Kxd2 Kd6 24. Ra4 b5 25. Raa1 a6 26. Rae1 Re8 27. Re3 f6 28. Rhe1 Re7 29. Kc2 Rae8 30. f4 {[%cal Bf3f4,Bf4f5][%mdl 32]} g5 (30... Rc8 $142) 31. g3 Rg8 32. f5 {[%cal Re3e6]} e5 33. Nb4 e4 34. Rh1 Rh7 35. Nxa6 Ra8 36. Nb4 Rxa5 37. Re2 Nb6 38. b3 Ra8 39. Reh2 Rah8 40. Kd2 Na8 41. Ra1 Nc7 42. Rh5 Ra8 43. Rah1 Rah8 44. Ke3 Na8 45. Ra1 Nc7 46. Rah1 Na8 $1 47. R5h2 Nc7 48. Ke2 Na8 49. Kd2 Nc7 50. Ke3 $36 {[%mdl 2048] Keeping Black busy.} Na8 51. Rc1 (51. Ra1 $16 {And now Ra6+ would win.} Nc7 52. Ra7) 51... h5 $2 {[#]} ({Better is} 51... Nc7 $1 $14) 52. c4 $1 $18 {[%cal Rc4c5]} bxc4 53. bxc4 dxc4 54. Rxc4 h4 (54... Rc7 {was necessary.} 55. Rxc7 (55. Rxh5 Rb8 $15) 55... Nxc7) 55. Rc6+ (55. Kxe4 Rc7 $14) 55... Kd7 56. Ra2 (56. Rxf6 $6 hxg3 57. Ra2 Nc7) (56. Kxe4 Rb8 $14) 56... Nc7 57. Ra7 (57. Kxe4 h3 $11) 57... Kd8 58. Rd6+ (58. Kxe4 hxg3 59. Rc2 (59. Rxf6 $2 g2 $19) 59... Nb5 $14) (58. Rxf6 Nd5+ 59. Nxd5 Rxa7 $15) 58... Kc8 {[#]} 59. gxh4 $1 (59. Kxe4 hxg3 60. Kf3 (60. Rxf6 $2 g2 $19) 60... g2 $11) (59. Rxf6 Nd5+ 60. Nxd5 Rxa7 $11) 59... gxh4 60. Ra1 ({Reject} 60. Kxe4 $6 h3 $11) (60. Rxf6 $6 Nd5+ 61. Nxd5 Rxa7 $11) (60. Rc6 $16 Kd8 61. Rb6 (61. Kxe4 h3 $11) (61. Rxf6 Nd5+ 62. Nxd5 Rxa7 $11)) 60... h3 $1 $11 {[%cal Bh4h3,Bh3h2][%mdl 32] aiming for ...h2.} 61. Rxf6 h2 62. Rh1 Re8 (62... Rh3+ $1 $15 63. Kxe4 Rg3) 63. Rc6 {Threatens to win with Nd5.} Rh3+ 64. Kf4 {Nd5 is the strong threat.} Kd7 {Threatening ...Nd5+.} 65. Rg6 {Hoping for Rg7+.} e3 66. Nd3 {White wants to play Ne5+.} Nd5+ 67. Kg5 {Strongly threatening Ne5+.} e2 68. Ne5+ Rxe5 (68... Kc7 $11) 69. dxe5 $16 {Black must now prevent Rd6+.} Ne3 $2 {[%mdl 8192]} (69... Re3 $16 70. e6+ Kd6) 70. Rd6+ $18 Ke8 71. Rc1 Nxf5 72. gxf5 {Precision: White = 53%, Black = 43%.} 1-0

[Event "1st Longtou Cup Belt and Road"]
[Site "Qinhuangdao"]
[Date "2018.05.27"]
[Round "2"]
[White "Stupak, Kirill"]
[Black "Ren, Xiaoyi"]
[Result "1-0"]
[WhiteElo "2556"]
[BlackElo "2282"]
[Annotator "TA"]
[PlyCount "79"]
[EventDate "2018.??.??"]
[EventCountry "CHN"]
[SourceTitle "playchess.com"]
[Source "ChessBase"]
[SourceQuality "1"]

{[%evp 22,79,57,50,53,35,46,20,61,62,81,68,87,85,112,114,161,168,234,221,225,153,178,181,213,145,156,114,124,125,166,169,207,210,210,218,338,300,346,348,346,338,344,368,395,387,475,441,514,514,614,591,597,579,804,761,1183,1183,29982,29978]} 1. Nf3 d5 2. g3 g6 3. Bg2 Bg7 4. d4 Nf6 5. O-O O-O 6. c4 c6 7. Qb3 Ne4 8. Nc3 Nxc3 9. bxc3 dxc4 10. Qxc4 Nd7 11. Qb3 Nb6 12. e4 Be6 {D74: Grünfeldindisch (Fianchetto HV 5.Nf3 0-0 6.cxd5 Sxd5 7.0-0)} 13. Qc2 Qc8 14. Rd1 Bh3 $146 {Die Stellung ist ausgeglichen.} ({Vorgänger:} 14... Nc4 15. a4 Bh3 16. Bxh3 Qxh3 {1-0 (44) Mochalov,E (2419)-Jaracz,B (2282) Pardubice 2006}) 15. Bxh3 Qxh3 16. Rb1 Rad8 17. c4 {Und weiter mit c5 wäre nett.} Qg4 18. Kg2 {Schwarz muss nun c5 beachten.} f5 19. e5 f4 (19... h6 $142 20. h3 Qe4) 20. h3 $18 Qe6 21. Ng5 ({Nicht} 21. gxf4 Rb8 $14) 21... f3+ 22. Kh2 ({Viel schwächer ist} 22. Nxf3 $6 Nxc4 23. Rxb7 Qd5 $14) 22... Qc8 23. Be3 Bh6 24. Ne4 Bxe3 25. fxe3 Qe6 {[#]} 26. Rbc1 $1 Kh8 27. Rf1 Qg8 28. Nc5 Rf5 (28... g5 $142 29. Nxb7 Rc8) 29. g4 Rff8 30. Nxb7 Rb8 31. Nc5 {[%cal Bb7c5,Bc5d3,Bd3e5,Be5f7][%mdl 32]} Qf7 32. Rf2 g5 33. Qe4 h5 34. e6 Qf6 35. gxh5 Qh6 36. Nd3 Qxh5 37. Ne5 Rf6 38. Nf7+ Kg7 39. Rg1 Rg6 40. Qe5+ {Precision: Weiß = 83%, Schwarz = 17%.} 1-0

[Event "1st Longtou Cup Belt and Road"]
[Site "Qinhuangdao"]
[Date "2018.05.27"]
[Round "2"]
[White "Liu, Yan"]
[Black "Paramzina, Anastasya"]
[Result "1-0"]
[WhiteElo "2474"]
[BlackElo "2255"]
[Annotator "TA"]
[PlyCount "75"]
[EventDate "2018.??.??"]
[EventCountry "CHN"]
[SourceTitle "playchess.com"]
[Source "ChessBase"]
[SourceQuality "1"]

{[%evp 21,75,23,10,1,-18,-8,0,-16,-5,-16,-16,-68,-23,-27,-23,-25,-40,-5,0,-42,52,51,45,47,40,36,61,21,12,18,64,19,88,81,94,81,85,89,81,81,70,81,110,116,108,118,496,466,462,438,431,440,440,441,441,441]} 1. Nf3 d5 2. c4 e6 3. g3 dxc4 4. Qa4+ Nd7 5. Qxc4 a6 6. Qc2 b5 7. Bg2 Bb7 8. O-O Ngf6 9. a4 c5 10. d3 Bd6 {A13: Reti-Eröffnung} (10... Be7 11. Nc3 Qb6 12. Qb3 b4 13. a5 Qd8 14. Nb1 Bd5 15. Qc2 O-O 16. Nbd2 Nb8 17. Rd1 Ra7 18. e4 Ba8 19. Nb3 {0-1 (49) Nakamura,H (2776)-Kramnik,V (2783) Zuerich 2015}) 11. Nc3 Bc6 {LiveBook: 5 Partien} 12. Ng5 Bxg2 {Die Stellung ist ausgeglichen.} 13. Kxg2 O-O 14. e4 $146 ({Vorgänger:} 14. Qb3 b4 15. Nce4 Be7 16. Kg1 Nd5 17. Nf3 Rc8 18. Ned2 Nb8 19. e4 Nb6 20. Nc4 {½-½ (20) Mohr,G (2483)-Petrosian,A (2514) Bled 1999}) 14... h6 15. Nh3 Qb6 16. f4 (16. f3 $11) 16... Qb7 17. Nf2 Rac8 18. axb5 axb5 19. Be3 e5 20. b3 c4 (20... exf4 $15 21. gxf4 b4) 21. bxc4 $1 $14 bxc4 22. d4 exd4 23. Bxd4 Bc5 24. Rab1 Qc6 25. Rfd1 Rfe8 26. Kg1 Nf8 (26... Red8 $11 {hält das Gleichgewicht.}) 27. Bxc5 Qxc5 {[#]} 28. e5 $1 {[%cal Re5f6]} Ng4 {...Se3 ist eine echte Drohung.} 29. Nce4 Qa7 {zielt auf ...Se3 ab.} 30. Ra1 ({Doch nicht} 30. Nd6 Ne3 $15) 30... Qb6 31. Rdb1 $36 {[%mdl 2048] Weiss bestimmt, wo es lang geht.} Qd4 {[#]} 32. Qd1 $1 {[%cal Rd1d4]} Qxd1+ 33. Nxd1 {Und weiter mit Sd6 wäre nett.} f5 $2 {[%mdl 8192]} (33... Rc6 $16 {ist zäher.} 34. Rb7 Ne6) 34. Nd6 $18 {Weiß steht klar auf Gewinn.} c3 35. Rc1 c2 36. Nf2 ({Weniger gut wäre} 36. Nxe8 cxd1=R+ 37. Rxd1 Rxe8 $16) ({Nicht} 36. Nxc8 cxd1=R+ 37. Rxd1 Rxc8 $16) 36... Ne3 37. Nxe8 Rxe8 38. Ra3 {Precision: Weiß = 57%, Schwarz = 44%.} 1-0

[Event "1st Longtou Cup Belt and Road"]
[Site "Qinhuangdao"]
[Date "2018.05.27"]
[Round "2"]
[White "Zhang, Ziji"]
[Black "Wang, Hao"]
[Result "1/2-1/2"]
[WhiteElo "2361"]
[BlackElo "2710"]
[Annotator "TA"]
[PlyCount "91"]
[EventDate "2018.??.??"]
[EventCountry "CHN"]
[SourceTitle "playchess.com"]
[Source "ChessBase"]
[SourceQuality "1"]

{[%evp 27,91,17,12,0,-4,-21,-7,-14,-15,-6,0,0,0,0,0,0,0,0,0,0,0,0,75,57,66,67,64,50,59,0,0,0,0,0,0,0,79,13,15,0,0,0,0,0,0,0,0,0,53,53,53,53,53,53,53,53,53,53,53,0,0,0,0,0,0,0]} 1. d4 Nf6 2. c4 g6 3. Nc3 d5 4. cxd5 Nxd5 5. g3 Bg7 6. Bg2 Nb6 7. Nf3 Nc6 8. e3 O-O 9. O-O Re8 10. Re1 a5 {D76: Fianchetto Grünfeld: Main Line with 7...Nb6} 11. Qe2 (11. h3 a4 12. Rb1 a3 13. bxa3 e5 14. dxe5 Nxe5 15. Qxd8 Nxf3+ 16. Bxf3 Rxd8 17. Nb5 Be5 18. Nd4 Bxh3 19. Bxb7 Bxd4 20. exd4 {1-0 (38) Ivanchuk,V (2726)-Muzychuk,M (2540) Caleta 2018}) 11... Be6 12. Nd2 Nb4 13. Rd1 Qc8 14. a3 Na6 {LiveBook: 7 Games} 15. Nce4 Bg4 $146 ({Predecessor:} 15... Bd5 16. b3 e5 17. dxe5 Bxe5 18. Rb1 {0-1 (47) Schreiner,T (2328)-Trbojevic,M (2338) Austria 2017}) 16. Bf3 (16. f3 {with more complications.} Be6 17. f4 c5 18. Qb5 Nd7 19. Ng5) 16... Bxf3 17. Nxf3 Qg4 18. Nc3 c5 19. d5 Bxc3 20. bxc3 Na4 21. Nd4 Qxe2 $1 22. Nxe2 c4 23. Rb1 N6c5 24. Rd4 Nb3 {[#]} (24... e6 $11 {remains equal.}) 25. Rxb3 $1 {[%mdl 512]} cxb3 26. Rxa4 e5 27. dxe6 fxe6 {Hoping for ...Red8.} 28. Nd4 (28. Kf1 $14) 28... b5 $36 {[%mdl 2048] Black has some pressure.} 29. Nxb5 {[#] And now Kf1 would win.} Red8 30. Nd4 {Threatens to win with f4.} e5 31. Nxb3 {Kf1 is the strong threat.} Rd1+ 32. Kg2 Rb8 33. e4 Rxb3 {[%mdl 4096] Endgame KRR-KRB} 34. Be3 Ra1 35. Rxa5 Raxa3 36. Rxe5 Rxc3 37. Re7 Rxe3 (37... Rc2 $11 38. Kf3 Rac3) 38. fxe3 $14 Rxe3 $11 {KR-KR} 39. Kf2 Ra3 40. h4 h5 41. Rd7 Kf8 42. Rd2 Kf7 43. Re2 ({White should try} 43. Rd5 $14) 43... Kf6 {The position is equal.} 44. Re3 Ra1 45. e5+ Kf5 46. e6 {Precision: White = 67%, Black = 86%.} 1/2-1/2

[Event "1st Longtou Cup Belt and Road"]
[Site "Qinhuangdao"]
[Date "2018.05.27"]
[Round "2"]
[White "Peng, Hongchi"]
[Black "Antipov, Mikhail Al"]
[Result "0-1"]
[WhiteElo "2324"]
[BlackElo "2597"]
[Annotator "TA"]
[PlyCount "100"]
[EventDate "2018.??.??"]
[EventCountry "CHN"]
[SourceTitle "playchess.com"]
[Source "ChessBase"]
[SourceQuality "1"]

{[%evp 9,100,-3,-3,0,3,-1,2,-47,-47,-46,-55,-50,-55,-46,-53,-52,-25,-30,-20,-38,-31,-46,-44,-54,-49,-54,-40,-51,-38,-48,-44,-46,-37,-43,-40,-47,-43,-59,-26,-16,-10,-25,0,-133,-106,-120,-94,-389,-371,-310,-243,-230,-231,-239,-232,-243,-245,-241,-233,-240,-227,-237,-231,-467,-466,-614,-575,-940,-942,-902,-753,-911,-905,-860,-842,-788,-704,-985,-929,-1326,-1314,-1713,-1585,-1820,-2305,-2322,-2238,-1724,-1711,-1553,-1233,-995,-964]} 1. e4 e6 2. d4 d5 3. exd5 exd5 4. Nf3 Bf5 5. Bf4 (5. Bd3 Bxd3 6. Qxd3 Nc6 7. O-O Qd7 8. Re1+ Nge7 9. Bd2 f6 10. b4 a6 11. a4 g5 12. Na3 g4 13. Nh4 {1-0 (24) Kamsky,G (2677)-Antipov,M (2598) Moscow 2018}) 5... Bd6 6. Bxd6 {C01: French: Exchange Variation} Qxd6 7. Bd3 Qe7+ $146 ({Predecessor:} 7... Bxd3 8. Qxd3 Nf6 9. Nbd2 O-O 10. O-O Nbd7 11. c3 Rfe8 12. Rae1 c6 13. Rxe8+ Rxe8 14. Re1 Rxe1+ 15. Nxe1 Qe7 16. Kf1 Kf8 17. Qe2 Qxe2+ 18. Kxe2 {½-½ (18) Nuber,B (2199)-Jorczik,J (2357) Oberhof 2010}) 8. Qe2 {The position is equal.} Bxd3 9. cxd3 Nc6 10. Nc3 O-O-O 11. Qxe7 Ngxe7 12. Kd2 f6 13. h4 h5 14. Ne2 Ng6 15. Rag1 Nce7 16. g4 Kd7 17. gxh5 Rxh5 18. Rg4 Rdh8 19. Ng3 R5h7 20. h5 Nf8 21. Nh4 Ne6 22. Kc3 a5 23. f4 Rxh5 24. Nxh5 Rxh5 25. Rgg1 $1 b5 26. b4 (26. Ng2 $11 Rxh1 27. Rxh1) 26... axb4+ $17 (26... Nxf4 $6 27. Rxg7 axb4+ 28. Kxb4 $11) 27. Kxb4 Nc6+ ({Don't play} 27... Nxd4 $6 28. Rxg7 c5+ 29. Ka5 $11) 28. Kxb5 $2 {[%mdl 8192]} (28. Kc3 $17) 28... Rh8 $19 {[#] ( -> ...Ra8)} 29. Ka4 Ra8+ (29... Nexd4 30. Rxg7+ Kd6 31. Nf5+ (31. Ka3 Ra8+ 32. Kb2 Nb4 $17) 31... Nxf5 32. Rxh8 $17) 30. Kb3 Ncxd4+ 31. Kb2 Rb8+ {[%mdl 1024] Black has strong compensation.} ({Less strong is} 31... Nxf4 32. Rxg7+ Kd6 33. Rd1 $15) 32. Kc3 Ne2+ 33. Kc2 N6d4+ 34. Kd2 Rb2+ 35. Ke3 Nxg1 36. Rxg1 $2 {[%mdl 4096] Endgame KRN-KRN} (36. Kxd4 Ne2+ 37. Kxd5) 36... c5 {[%csl Gd4][%cal Rb2e2] [#] Black is clearly winning.} 37. Rxg7+ Kc6 {[%csl Gd4][%cal Rb2e2]} 38. f5 Rh2 39. Rf7 Rh3+ 40. Kd2 Rxh4 41. Rxf6+ {KRN-KR} Kd7 42. a4 Ke7 43. Ra6 Nxf5 44. a5 Rh2+ 45. Kd1 Ra2 46. Ra8 Nd4 47. a6 Nc6 48. Kc1 Kd6 49. Kb1 Ra5 50. Kb2 Ke5 {Precision: White = 66%, Black = 83%.} 0-1

[Event "1st Longtou Cup Belt and Road"]
[Site "Qinhuangdao"]
[Date "2018.05.27"]
[Round "2"]
[White "Xu, Minghui"]
[Black "Idani, Pouya"]
[Result "0-1"]
[WhiteElo "2317"]
[BlackElo "2572"]
[Annotator "TA"]
[PlyCount "56"]
[EventDate "2018.??.??"]
[EventCountry "CHN"]
[SourceTitle "playchess.com"]
[Source "ChessBase"]
[SourceQuality "1"]

{[%evp 15,56,18,31,14,41,32,42,32,37,26,44,43,33,46,46,54,47,43,59,49,72,51,94,14,37,5,5,4,15,0,0,0,20,-3,0,0,5,-358,-377,-359,-283,-278,-276]} 1. d4 Nf6 2. c4 e6 3. Nf3 d5 4. Nc3 Bb4 5. Bg5 h6 6. Bxf6 Qxf6 7. e3 O-O 8. Rc1 c6 9. a3 {D38: Queen's Gambit Declined: Ragozin Defence (4 Nf3 Bb4)} (9. Bd3 Nd7 10. O-O Bxc3 11. Rxc3 dxc4 12. Rxc4 e5 13. Bb1 Re8 14. a3 e4 15. Nd2 Nb6 16. Rc5 Bf5 17. Qb3 Nd7 18. Rc3 {1-0 (51) Milov,V (2589)-Karthik,V (2476) Basel 2018}) 9... Ba5 10. b4 Bb6 $1 11. Bd3 {White is slightly better.} dxc4 12. Bxc4 a5 $146 ({Predecessor:} 12... Nd7 13. O-O Qe7 14. Qb3 Bc7 15. Rfd1 a5 16. b5 Nb6 17. Bd3 c5 18. dxc5 {½-½ (18) Donnenfeld,P-Hrtko,V ICCF corr 2001}) 13. O-O Qe7 14. Qb3 axb4 15. axb4 {[%cal Ba3b4,Bb4b5][%mdl 32]} Bc7 16. b5 b6 17. Bd3 Bb7 {[%cal Bc8b7,Bb7c6,Bc6b5][%mdl 32]} 18. Be4 Rc8 19. Ne2 ({Better is} 19. Nd2 $16) 19... Bd6 $11 20. bxc6 Nxc6 21. Qxb6 {[%cal Re4c6]} Rab8 {[%cal Ba8b8,Bb8b2,Bb2c2][%mdl 32]} 22. Bxc6 Bxc6 23. Qa6 Qd7 24. Qd3 Rb2 {Strongly threatening ...Bb5.} 25. Rfd1 f5 26. Ng3 $2 {[%mdl 8192] [#]} (26. Qa6 $11) 26... Bb5 $19 27. Ne5 Bxe5 ({Not} 27... Bxd3 28. Nxd7 Rxc1 29. Rxc1 $11) 28. Qa3 Rbc2 {Precision: White = 48%, Black = 61%.} 0-1

[Event "1st Longtou Cup Belt and Road"]
[Site "Qinhuangdao"]
[Date "2018.05.27"]
[Round "2"]
[White "Zhao, Chenxi"]
[Black "Xu, Yinglun"]
[Result "1/2-1/2"]
[WhiteElo "2300"]
[BlackElo "2539"]
[Annotator "TA"]
[PlyCount "61"]
[EventDate "2018.??.??"]
[EventCountry "CHN"]
[SourceTitle "playchess.com"]
[Source "ChessBase"]
[SourceQuality "1"]

{[%evp 14,61,-27,-46,-2,-18,-18,-27,-25,-43,4,0,-8,-18,0,-11,0,0,62,20,21,13,18,6,13,0,19,7,17,0,0,0,0,0,2,0,0,0,22,24,18,28,18,18,18,0,18,0,24,0]} 1. e4 c5 2. Nf3 d6 3. d4 cxd4 4. Qxd4 Nf6 5. c4 (5. Bb5+ Bd7 6. c4 Nc6 7. Qd3 g6 8. O-O Bg7 9. Nc3 O-O 10. h3 Rc8 11. Be3 a6 12. Bxc6 Bxc6 {½-½ (26) Karjakin,S (2760)-Nepomniachtchi,I (2729) Riadh 2017}) 5... g6 6. Be2 {B53: Sicilian: 2...d6: Lines with Qxd4} Bg7 7. h3 Nc6 8. Qe3 {LiveBook: 5 Games. Black has an edge.} Nd7 $146 ({Predecessor:} 8... O-O 9. O-O Nd7 10. Nc3 Nc5 11. Bd3 Be6 12. Nd5 Rc8 {0-1 (56) Corrales Jimenez,F (2575)-Troff,K (2431) Saint Louis 2013}) 9. O-O Qb6 10. Qd2 O-O 11. Nc3 Nde5 12. Nxe5 dxe5 13. b3 Rd8 14. Qb2 e6 15. Bg5 Re8 (15... Rd7 $11) 16. Rac1 Nd4 17. Rfd1 Bd7 18. c5 Qc7 ({Don't play} 18... Qxc5 19. Nd5 $16) 19. a4 a6 20. b4 h6 21. Be3 Rec8 22. a5 Bc6 23. Bc4 Rd8 24. Rd3 Rd7 25. Rcd1 Rad8 26. f3 Kh7 27. Qf2 Bf6 28. R3d2 Kg7 29. Rd3 Kh7 30. R3d2 Kg7 31. Rd3 {Precision: White = 47%, Black = 66%.} 1/2-1/2

[Event "1st Longtou Cup Belt and Road"]
[Site "Qinhuangdao"]
[Date "2018.05.27"]
[Round "2"]
[White "Huang, Renjie"]
[Black "Mosadeghpour, Masoud"]
[Result "0-1"]
[WhiteElo "2280"]
[BlackElo "2535"]
[Annotator "TA"]
[PlyCount "82"]
[EventDate "2018.??.??"]
[EventCountry "CHN"]
[SourceTitle "playchess.com"]
[Source "ChessBase"]
[SourceQuality "1"]

{[%evp 13,82,26,31,-4,-9,-10,-9,-12,-17,-27,-33,-35,-15,-26,-19,-61,-27,-108,-90,-89,-106,-138,-142,-132,-150,-122,-139,-143,-133,-137,-101,-126,-135,-126,-136,-113,-116,-110,-140,-125,-98,-114,-114,-271,-261,-276,-272,-314,-217,-224,-243,-236,-235,-232,-204,-212,-207,-285,-291,-287,-292,-302,-299,-423,-446,-411,-404,-725,-719,-682,-791]} 1. e4 c5 2. Nf3 d6 3. d4 cxd4 4. Nxd4 Nf6 5. Nc3 Nc6 6. Bc4 e5 7. Nf3 Be6 {LiveBook: 14 Partien} 8. Bxe6 {B57: Sizilianisch (Sosin-Variante)} (8. Bb3 h6 9. O-O Be7 10. Re1 O-O {½-½ (10) Zaslavsky,M (2413)-Gutman,G (2502) Pardubice 2010}) 8... fxe6 9. O-O Be7 10. Qe2 {Die Stellung ist ausgeglichen.} O-O 11. Rd1 h6 $146 ({Vorgänger:} 11... Rc8 12. Be3 a6 13. Ng5 Qd7 14. Na4 Bd8 15. Nc5 {1-0 (24) Magalhaes,J (1465)-Karlsson,R (907) IECC email 2000}) 12. Be3 Rc8 13. a4 a6 14. Kh1 Qe8 15. Qc4 (15. a5 $11) 15... Nd4 $17 16. Qa2 Nxc2 17. Rac1 Nxe3 18. Qxe6+ Qf7 19. Qxf7+ Kxf7 20. fxe3 Rc6 21. Rf1 Rfc8 22. Rcd1 Ke6 23. Nh4 Rxc3 24. bxc3 Nxe4 25. Nf5 Bf6 ({Schlechter ist} 25... Nxc3 26. Nxg7+ Kd7 27. Rc1 $14) 26. Ng3 Nxg3+ 27. hxg3 Rxc3 {[%mdl 4096] Endspiel KTT-KTL} 28. Rb1 $2 {[#]} (28. e4 $17) 28... Rxe3 $19 29. Rxb7 Ra3 ({Schwächer ist} 29... Rxg3 30. Rd1 $17) 30. Rb6 Rxa4 31. Rd1 Be7 32. Kg1 e4 33. Kf2 Ra2+ 34. Kf1 Ra5 35. Ke2 Ke5 36. Rb8 d5 {[%cal Bd6d5,Bd5d4][%mdl 32]} 37. Re8 Kd6 38. Rd2 (38. Ke3 $142) 38... Kd7 39. Rb8 Bf6 40. Rb6 (40. Rf8 $142) 40... Bc3 41. Rd1 d4 {Precision: Weiß = 35%, Schwarz = 90%.} 0-1

[Event "1st Longtou Cup Belt and Road"]
[Site "Qinhuangdao"]
[Date "2018.05.27"]
[Round "2"]
[White "Zhao, Zhouqiao CHN"]
[Black "Mohr, Georg"]
[Result "0-1"]
[WhiteElo "2223"]
[BlackElo "2469"]
[Annotator "TA"]
[PlyCount "70"]
[EventDate "2018.??.??"]
[EventCountry "CHN"]
[SourceTitle "playchess.com"]
[Source "ChessBase"]
[SourceQuality "1"]

{[%evp 16,70,-14,-14,48,38,50,50,41,37,58,-8,-6,-8,13,0,0,-6,0,0,0,-10,-22,-264,-259,-266,-266,-411,-408,-436,-418,-443,-435,-441,-439,-668,-650,-619,-331,-327,-318,-325,-330,-322,-289,-472,-466,-683,-677,-716,-598,-763,-462,-29978,-29972,-29992,-29993]} 1. d4 Nf6 2. Nf3 c5 3. c3 e6 4. Bf4 Nc6 5. e3 {[%cal Be2e3,Be3d4][%mdl 32]} d5 6. Nbd2 Bd6 7. Bg3 O-O 8. Bd3 b6 9. Qe2 {LiveBook: 114 Games. D02: 1 d4 d5 2 Nf3 sidelines, including 2...Nf6 3 g3 and 2...Nf6 3 Bf4} (9. e4 Be7 10. e5 Nh5 11. Nf1 cxd4 12. Nxd4 Nxd4 13. cxd4 g6 14. Ne3 f5 15. exf6 Bxf6 16. Be2 Nxg3 17. hxg3 {½-½ (37) Nakamura,H (2787)-Svidler,P (2760) Moscow 2018}) 9... cxd4 (9... Bb7 $11) 10. exd4 $14 Bb7 11. Bxd6 $146 {White is slightly better.} ({Predecessor:} 11. Ne5 Bxe5 12. dxe5 Nd7 13. Qh5 f5 14. exf6 Nxf6 15. Qh3 e5 16. O-O-O Bc8 {½-½ (36) Colin,V (2372)-Inkiov,V (2447) Rochefort 2017}) 11... Qxd6 12. Ne5 Ne7 {[%cal Bc6e7,Be7g6,Bg6f4,Bf4d3][%mdl 32]} 13. Ba6 (13. a4 $14) 13... Bxa6 $11 14. Qxa6 Ne8 15. O-O f6 $36 {[%mdl 2048] Black has some pressure.} 16. Ng4 Nc7 17. Qe2 Ng6 18. Rfe1 Rae8 19. Qe3 $2 {[#]} (19. g3 $11 {and White has nothing to worry.}) 19... h5 $1 $19 20. Ne5 fxe5 21. Qg5 (21. dxe5 $142 Qc6 22. Nf3) 21... Nf4 22. Rxe5 Nd3 23. Re3 Rf5 24. Qg6 Nxf2 25. Rf1 (25. Qg3 $142 Qd7 26. Re5) 25... Ng4 {[%csl Gg4][%cal Rd6h2]} 26. Rg3 Rxf1+ 27. Nxf1 Rf8 28. Qxh5 Qf4 {[%csl Gf8][%cal Rf4f1]} 29. Rf3 Nf6 30. Qg6 $2 (30. Rxf4 Nxh5 31. Rxf8+ Kxf8 32. g3) 30... Qc1 31. h3 (31. Qg3 $142 Rf7 32. Qf2) 31... Ne4 32. Rxf8+ Kxf8 33. Qh7 Ng3 34. Qh8+ {[#]} (34. Qd3 $19 Ne4 35. Qe3 Qxb2 36. Qf4+ Kg8 37. Ng3 Qxc3 38. Nxe4 dxe4 39. Qxe4) 34... Kf7 35. Kf2 Qf4+ {Precision: White = 34%, Black = 57%.} 0-1